000 00588nam a2200217Ia 4500
005 20230621113228.0
008 131103s9999 xx 000 0 und d
020 _cRs.42
040 _aLoreto College
041 _aEnglish
082 _a940.5
_bHUG
100 _aHughes,H.Stuart
245 _aContemporary Europe
_b a history
_cH.Stuart Hughes
260 _a[N.J.]
_bPrintice - Hall
_c1961
300 _axv,524 p.
_b ill.
504 _aIncludes index
650 _aModern History - 20th Century
651 _aEurope - Modrn History,20th Century
850 _aLCLIB
942 _cBK
999 _c4073
_d54552